Australia by Letter - Z - Statistics

General Stats
  • This quiz has been taken 10 times
  • The average score is 6 of 10
Answer Stats
Hint Answer % Correct
How Australian pronounce the letter Z Zed
90%
Spicy chicken burger sold by KFC Zinger
90%
Taronga or Western Plains ___ Zoo
90%
What Australians call a courgette Zucchini
80%
Shared nickname of Zbygnew Wilczek, the Bag Man of Brisbane, and businessman Zygmunt Switkowski Ziggy
70%
Australia Post lists 11 suburbs starting with Z. Name one Zadows Landing | Zanthus | Zara | Zeehan | Zeerust | Zetland | Zillmere | Zilzie | Zuccoli | Zumsteins | Zuytdorp
60%
Type of finch found in Australia's outback Zebra Finch
60%
Ice blocks with a rhyming name in flavours such as fairy floss and bubblegum Zooper Dooper
60%
Coffee shop company, founded on the Gold Coast, with a giraffe logo Zarraffa's
10%
Mainly Australian special forces unit operating in South-East Asia during World War II Z Special Unit
0%
No matching quizzes found
Score Distribution
Percent of People with Each Score
Percentile by Number Answered
Your Score History
You have not taken this quiz